[Event "FRA-chT4 1516"]
[Site "Champagne Ardennes"]
[Date "2016.04.03"]
[Round "7"]
[White "Mondeel, Paul"]
[Black "Roussel, Jean Marc"]
[Result "1-0"]
[WhiteElo "1531"]
[BlackElo "1702"]
[PlyCount "113"]
[EventDate "2015.12.06"]
[EventType "team-tourn"]
[EventRounds "7"]
[EventCountry "FRA"]
[SourceTitle "EXT 2024"]
[Source "ChessBase"]
[SourceDate "2023.10.10"]
[SourceVersion "1"]
[SourceVersionDate "2023.10.10"]
[SourceQuality "1"]

1. e4 c5 2. Nf3 e6 3. Be2 Nc6 4. 0-0 d6 5. d3 g6 6. c3 Bg7 7. Bd2 e5 8. Qc1 Bg4 9. h3 Bxf3 10. Bxf3 Nge7 11. Bg5 h6 12. Be3 Qd7 13. Na3 f5 14. Nc2 f4 15. Bd2 h5 16. d4 g5 17. Qd1 0-0-0 18. Bxh5 Kb8 19. Bg4 Qe8 20. d5 Na5 21. Na3 b6 22. b4 Nb7 23. Qb3 Ng8 24. f3 Nf6 25. c4 Nxg4 26. fxg4 Qg6 27. Qf3 cxb4 28. Bxb4 a5 29. Bc3 Nc5 30. Rfe1 Kc7 31. Nb5+ Kd7 32. Na7 Rb8 33. Nc6 Rb7 34. Rab1 Ra8 35. a4 Qh7 36. Rb5 Ke8 37. Bd2 Bf6 38. Kh2 Bd8 39. g3 Nxa4 40. gxf4 gxf4 41. g5 Rd7 42. Qg4 Qg6 43. Bxf4 exf4 44. Nxd8 Kxd8 45. Qxf4 Rf7 46. Qg3 Re7 47. Rf1 Kc7 48. Rf6 Qxe4 49. Qxd6+ Kb7 50. Rxb6+ Nxb6 51. Qxb6+ Kc8 52. Rc6+ Kd7 53. Qb7+ Ke8 54. Qxa8+ Kf7 55. Rf6+ Kg7 56. Qf8+ Kh7 57. Rh6# 1-0

[Event "FRA-chT4 1415"]
[Site "Champagne Ardennes"]
[Date "2014.11.16"]
[Round "2"]
[White "Mondeel, Paul"]
[Black "Vega, Emmanuel"]
[Result "0-1"]
[WhiteElo "1531"]
[BlackElo "1738"]
[PlyCount "66"]
[EventDate "2014.10.16"]
[EventType "team-tourn"]
[EventRounds "7"]
[EventCountry "FRA"]
[SourceTitle "EXT 2024"]
[Source "ChessBase"]
[SourceDate "2023.10.10"]
[SourceVersion "1"]
[SourceVersionDate "2023.10.10"]
[SourceQuality "1"]

1. Nf3 d6 2. c4 g6 3. g3 Bg7 4. Bg2 Nf6 5. 0-0 0-0 6. Nc3 e5 7. d3 c6 8. Bd2 Nbd7 9. Rb1 Re8 10. b4 Rb8 11. a4 d5 12. cxd5 cxd5 13. Nb5 e4 14. Ne1 Ne5 15. d4 Nc4 16. Bf4 Bf5 17. Nc2 Rc8 18. Ne3 Nxe3 19. fxe3 Bf8 20. Nxa7 Rc4 21. Nb5 Qd7 22. Qd2 Rec8 23. Qe1 Qe6 24. h3 Bxh3 25. Bxh3 Qxh3 26. Qf2 Ng4 27. Qg2 Qxg2+ 28. Kxg2 Rc2 29. Kh3 f5 30. Rfe1 Nf2+ 31. Kg2 Nd3 32. Kh3 Nxe1 33. Rxe1 Bxb4 0-1

[Event "FRA-chT4 1314"]
[Site "Champagne Ardennes"]
[Date "2014.01.12"]
[Round "4"]
[White "Louot, Catherine"]
[Black "Mondeel, Paul"]
[Result "1-0"]
[WhiteElo "1546"]
[BlackElo "1539"]
[PlyCount "133"]
[EventDate "2013.10.25"]
[EventType "team-tourn"]
[EventRounds "7"]
[EventCountry "FRA"]
[SourceTitle "EXT 2024"]
[Source "ChessBase"]
[SourceDate "2023.10.10"]
[SourceVersion "1"]
[SourceVersionDate "2023.10.10"]
[SourceQuality "1"]

1. e4 e5 2. Nf3 d6 3. Bc4 Be7 4. 0-0 Nf6 5. Nc3 Bg4 6. Be2 Nc6 7. d4 exd4 8. Nxd4 Bxe2 9. Ndxe2 0-0 10. Qd3 Ne5 11. Qg3 Ng6 12. Nf4 Nxf4 13. Qxf4 c6 14. Qg3 Re8 15. Bh6 g6 16. e5 Nh5 17. Qe3 Bf6 18. Ne4 Bxe5 19. Qb3 Bxh2+ 20. Kxh2 Rxe4 21. g3 Qe7 22. Qc3 Qe5 23. Qb3 Rb8 24. Rad1 Nf6 25. Bf4 Ng4+ 26. Kg1 Qh5 27. Kg2 Ne5 28. Rh1 Qg4 29. Bxe5 Rxe5 30. Rxd6 Qe4+ 31. Kg1 Rf5 32. Qc3 Rd5 33. Rxd5 Qxd5 34. Qe3 Qe6 35. Qh6 Qe1+ 36. Kg2 Qe4+ 37. Kf1 g5 38. Qxg5+ Qg6 39. Qf4 Re8 40. Kg2 c5 41. Rh4 Kf8 42. Qc7 Qc6+ 43. Qxc6 bxc6 44. Rxh7 Re2 45. Rh6 Rxc2 46. Rxc6 Rxb2 47. a4 Ra2 48. Ra6 c4 49. Rxa7 c3 50. Ra8+ Kg7 51. Rc8 Rxa4 52. Rxc3 Ra2 53. Rc4 Kg6 54. Rf4 f6 55. Kh3 Kg5 56. Rg4+ Kf5 57. f3 Rf2 58. Rf4+ Kg5 59. Rg4+ Kf5 60. f4 Rh2+ 61. Kxh2 Kxg4 62. Kg2 f5 63. Kf2 Kh5 64. Kf3 Kg6 65. Ke3 Kf6 66. Kd4 Ke6 67. Kc5 1-0

[Event "Charleville Mezieres op 11th"]
[Site "Charleville Mezieres"]
[Date "2014.??.??"]
[Round "6"]
[White "Regnier, Cedric"]
[Black "Mondeel, Paul"]
[Result "1/2-1/2"]
[WhiteElo "1596"]
[BlackElo "1531"]
[PlyCount "76"]
[EventDate "2014.12.26"]
[EventType "swiss"]
[EventRounds "7"]
[EventCountry "FRA"]
[SourceTitle "CBM 164 Extra"]
[Source "ChessBase"]
[SourceDate "2015.03.02"]
[SourceVersion "1"]
[SourceVersionDate "2015.03.02"]
[SourceQuality "1"]

1. d4 d5 2. Nf3 e6 3. e3 Nf6 4. Bd3 c5 5. b3 b6 6. Nbd2 Bb7 7. Bb2 Be7 8. 0-0 0-0 9. Ne5 Nbd7 10. f4 cxd4 11. exd4 a6 12. Qf3 Re8 13. Qh3 Nf8 14. g4 N6d7 15. Ndf3 f6 16. Nxd7 Qxd7 17. Rae1 Bd6 18. f5 e5 19. dxe5 Bc5+ 20. Kh1 d4 21. e6 Qe7 22. Be4 Bxe4 23. Rxe4 Rad8 24. Nxd4 Qb7 25. Qg2 Be7 26. Re2 Qc7 27. Nc6 Rc8 28. Nxe7+ Qxe7 29. Rd1 Red8 30. Rxd8 Rxd8 31. h4 h6 32. Rd2 Rxd2 33. Qxd2 Nxe6 34. fxe6 Qxe6 35. Qg2 Qe1+ 36. Kh2 Qxh4+ 37. Kg1 Qe1+ 38. Kh2 Qh4+ 1/2-1/2

[Event "FRA-chT4"]
[Site "France"]
[Date "2013.01.27"]
[Round "5"]
[White "Mondeel, Paul"]
[Black "Hentzien, Dominique"]
[Result "1-0"]
[WhiteElo "1518"]
[BlackElo "1460"]
[PlyCount "37"]
[EventDate "2012.10.24"]
[EventType "team-swiss"]
[EventRounds "9"]
[EventCountry "FRA"]
[SourceTitle "EXT 2014"]
[Source "ChessBase"]
[SourceDate "2013.11.20"]
[SourceVersion "1"]
[SourceVersionDate "2013.11.20"]
[SourceQuality "1"]

1. e4 d5 2. exd5 Nf6 3. d4 Nxd5 4. Nf3 Bg4 5. Be2 Bxf3 6. Bxf3 e6 7. c4 Nb6 8. Bxb7 Nxc4 9. Qa4+ c6 10. Qxc4 Nd7 11. Bxa8 Qxa8 12. 0-0 Nb6 13. Qd3 Nd5 14. a3 Bd6 15. Nc3 c5 16. dxc5 Bxc5 17. Qb5+ Kd8 18. Qxc5 Nf4 19. Qd6+ 1-0

[Event "FRA-chT4 1011"]
[Site "Champagne Ardennes"]
[Date "2010.12.12"]
[Round "3"]
[White "Pogu, Thomas"]
[Black "Mondeel, Paul"]
[Result "1-0"]
[WhiteElo "1510"]
[BlackElo "1520"]
[PlyCount "53"]
[EventDate "2010.10.10"]
[EventType "team-tourn"]
[EventRounds "7"]
[EventCountry "FRA"]
[SourceTitle "EXT 2024"]
[Source "ChessBase"]
[SourceDate "2023.10.10"]
[SourceVersion "1"]
[SourceVersionDate "2023.10.10"]
[SourceQuality "1"]

1. e4 e5 2. Nf3 Nc6 3. Nc3 d6 4. Bb5 Bd7 5. 0-0 Nf6 6. d3 Be7 7. Be3 0-0 8. d4 exd4 9. Nxd4 Ne5 10. Bxd7 Qxd7 11. f4 Nc4 12. Bc1 Ng4 13. Nf5 Nf6 14. Qd3 Nb6 15. e5 Ne8 16. Re1 dxe5 17. Qxd7 Nxd7 18. Nxe7+ Kh8 19. fxe5 f5 20. Bf4 c6 21. e6 Nc5 22. Re5 Ne4 23. Rxf5 N8d6 24. Bxd6 Nxd6 25. Rxf8+ Rxf8 26. Rd1 Nc4 27. Nf5 1-0